Top 10 Most Democratic Asian Countries - Statistics

General Stats
  • This quiz has been taken 20,311 times
    20,271 since last reset
  • The average score is 6 of 10
Answer Stats
Score Country Growth % Correct
8.13 Japan + 0.14
95%
8.01 South Korea + 0.01
90%
6.61 India - 0.29
82%
8.94 Taiwan + 1.21
73%
7.84 Israel - 0.02
61%
7.19 Malaysia + 0.03
60%
6.56 Philippines - 0.08
58%
6.48 Mongolia - 0.02
39%
7.06 East Timor - 0.13
25%
7.56 Cyprus - 0.03
23%
No matching quizzes found
Score Distribution
Percent of People with Each Score
Percentile by Number Answered
Your Score History
You have not taken this quiz since the last reset